Personálny marketing a personálny manažment v organizácii zborník vedeckých prác : [abstrakty]

Salvato in:
Dettagli Bibliografici
Ente Autore: Ekonomická univerzita v Bratislave. Fakulta podnikového manažmentu
Altri autori: Polednáková, Anna, 1957-, Andrejčák, Martin, Matulčíková, Marta, 1964-, Králik, Jozef
Natura: Libro
Lingua:slovacco
inglese
Pubblicazione: Bratislava Vydavateľstvo EKONÓM 2014
Soggetti:
Tags: Aggiungi Tag
Nessun Tag, puoi essere il primo ad aggiungerne!!

MARC

LEADER 00000nlm a2200000 4500
001 0191429
005 20240502073221.7
020 |a 978-80-225-3916-6 
041 0 |a slo 
041 0 |a eng 
044 |a SK 
245 1 0 |a Personálny marketing a personálny manažment v organizácii  |b zborník vedeckých prác : [abstrakty]  |c Miroslava Szarková a kolektív ; redakčné a zostavovateľské práce: Anna Polednáková, Martin Andrejčák, vedeckí recenzenti: Marta Matulčíková, Jozef Králik 
264 1 |a Bratislava  |b Vydavateľstvo EKONÓM  |c 2014 
300 |a CD-ROM [16 s., 0,8 AH] 
610 2 0 |a marketing personálny 
610 2 0 |a manažment personálny 
610 2 0 |a zdroje ľudské 
610 2 0 |a trh práce 
700 1 |a Polednáková, Anna, 1957- 
700 1 |a Andrejčák, Martin 
700 1 |a Matulčíková, Marta, 1964- 
700 1 |a Králik, Jozef 
710 2 |a Ekonomická univerzita v Bratislave. Fakulta podnikového manažmentu